<?xml version="1.0" encoding="UTF-8"?>
<record
    xmlns:xsi="http://www.w3.org/2001/XMLSchema-instance"
    xsi:schemaLocation="http://www.loc.gov/MARC21/slim http://www.loc.gov/standards/marcxml/schema/MARC21slim.xsd"
    xmlns="http://www.loc.gov/MARC21/slim">

  <leader>01360nam a22002417a 4500</leader>
  <controlfield tag="005">20221029121222.0</controlfield>
  <controlfield tag="008">221029b           ||||| |||| 00| 0 eng d</controlfield>
  <datafield tag="020" ind1=" " ind2=" ">
    <subfield code="a">8171799884</subfield>
  </datafield>
  <datafield tag="040" ind1=" " ind2=" ">
    <subfield code="c">AL</subfield>
  </datafield>
  <datafield tag="041" ind1=" " ind2=" ">
    <subfield code="a">English</subfield>
  </datafield>
  <datafield tag="082" ind1=" " ind2=" ">
    <subfield code="2">23</subfield>
    <subfield code="a">617.05</subfield>
    <subfield code="b">PALC</subfield>
  </datafield>
  <datafield tag="100" ind1=" " ind2=" ">
    <subfield code="a">C Palanivelu</subfield>
    <subfield code="9">60550</subfield>
  </datafield>
  <datafield tag="245" ind1=" " ind2=" ">
    <subfield code="a">CIGES Atlas of Laparoscopic Surgery</subfield>
  </datafield>
  <datafield tag="250" ind1=" " ind2=" ">
    <subfield code="a">2</subfield>
  </datafield>
  <datafield tag="260" ind1=" " ind2=" ">
    <subfield code="a">New Delhi</subfield>
    <subfield code="b">Jaypee Brothers Medical Publishers Private Ltd</subfield>
    <subfield code="c">2003</subfield>
  </datafield>
  <datafield tag="300" ind1=" " ind2=" ">
    <subfield code="a">xvii,308 p.</subfield>
    <subfield code="b">HB</subfield>
    <subfield code="c">29x21.7 cm.</subfield>
  </datafield>
  <datafield tag="520" ind1=" " ind2=" ">
    <subfield code="a">CIGES Atlas of Laparoscopic Surgery, 2/e features more than 800 full-colour illustrations and is a complete step-by-step guide to the most advanced an successful laparoscopic surgical procedures. The author is one of the world's foremost laparoscopic surgeons. There are twelve sections, the first focuses on basic information such as instrumentation, operating room layout, hemostasis, laparoscopic access and diagnostic laparoscopy. The remaining eleven demonstrate specific operative procedures for various organ systems. This edition features two new sections on pediatric and gynecologic surgery. Photographs and drawings are skillfully integrated with the author's detailed 'how-to' descriptions</subfield>
  </datafield>
  <datafield tag="650" ind1=" " ind2=" ">
    <subfield code="a">Laparoscopic surgery</subfield>
    <subfield code="9">60551</subfield>
  </datafield>
  <datafield tag="650" ind1=" " ind2=" ">
    <subfield code="a">Medicine</subfield>
    <subfield code="9">60552</subfield>
  </datafield>
  <datafield tag="650" ind1=" " ind2=" ">
    <subfield code="a">Surgery</subfield>
    <subfield code="9">60553</subfield>
  </datafield>
  <datafield tag="700" ind1=" " ind2=" ">
    <subfield code="a">PALANIVELU (C)</subfield>
    <subfield code="9">60554</subfield>
  </datafield>
  <datafield tag="942" ind1=" " ind2=" ">
    <subfield code="2">ddc</subfield>
    <subfield code="c">GF</subfield>
  </datafield>
  <datafield tag="999" ind1=" " ind2=" ">
    <subfield code="c">224955</subfield>
    <subfield code="d">224955</subfield>
  </datafield>
  <datafield tag="952" ind1=" " ind2=" ">
    <subfield code="0">0</subfield>
    <subfield code="1">0</subfield>
    <subfield code="2">ddc</subfield>
    <subfield code="4">0</subfield>
    <subfield code="7">0</subfield>
    <subfield code="8">OTH</subfield>
    <subfield code="a">AL</subfield>
    <subfield code="b">AL</subfield>
    <subfield code="d">2013-03-23</subfield>
    <subfield code="l">0</subfield>
    <subfield code="o">617.05 PALC</subfield>
    <subfield code="p">GF03631</subfield>
    <subfield code="r">2022-10-29 00:00:00</subfield>
    <subfield code="w">2022-10-29</subfield>
    <subfield code="y">GF</subfield>
  </datafield>
</record>
